| 000 | 00427cam a2200169ua 4500 | ||
|---|---|---|---|
| 041 |
_aeng _h |
||
| 082 |
_a612.22 _bCAR/BI |
||
| 100 | _aCarter, C W . | ||
| 245 |
_aBiochemistry in relation to medicine / _cC W Carter. _hTextual Documents |
||
| 250 |
_a2 / _b. |
||
| 260 |
_aLondon : _bLongman Green and Co , _c1953. |
||
| 300 | _a524 ; . | ||
| 504 | _a | ||
| 700 | 1 | _aThompson, R H S. | |
| 942 | _cBK | ||
| 999 |
_c9849 _d9849 |
||